|
|
|
|
| LEADER |
00000nam0a2200000 4500 |
| 001 |
276577 |
| 005 |
20231101234931.0 |
| 010 |
|
|
|a 9785911610142
|
| 035 |
|
|
|a (RuTPU)RU\TPU\book\299850
|
| 090 |
|
|
|a 276577
|
| 100 |
|
|
|a 20141124d2014 k y0rusy50 ca
|
| 101 |
0 |
|
|a rus
|
| 102 |
|
|
|a RU
|
| 105 |
|
|
|a a z 001zy
|
| 200 |
1 |
|
|a Ультразвуковая дефектоскопия в энергомашиностроении
|f Е. Ф. Кретов
|
| 205 |
|
|
|a 4-е изд., перераб.
|
| 210 |
|
|
|a Санкт-Петербург
|c СВЕН
|d 2014
|
| 215 |
|
|
|a 306 с.
|c ил.
|
| 225 |
1 |
|
|a Методы и средства неразрушающего контроля
|
| 320 |
|
|
|a Библиогр.: с. 301-302.
|
| 330 |
|
|
|a В монографии приведены современные понятия качества и системы менеджмента качества. Изложены сведения о дефектах листового проката поковок и сварных соединений. Дана информация о методах НК, применяемых в энергомашиностроении. Подробно рассмотрены физические основы ультразвуковой дефектоскопии, средства и технологии ручного УЗК и толщинометрии металлоконструкций. Сведения о функциональной схеме, Основных технических параметрах и сервисных возможностях ультразвуковых дефектоскопов даны применительно к современным цифровым приборам. Третье издание книги дополнено рассмотрением принципа работы ультразвуковых фазированных решеток, особенностей УЗК стального литья, изложены основные принципы дифракционно-временного метода. Книга рекомендована в качестве учебного пособия для студентов вузов, обучающихся по специальности 200102 «Приборы и методы контроля качества и диагностики», а также для обучения специалистов по ультразвуковой дефектоскопии и подготовки к сертификации на I, II, и III уровни квалификации.
|
| 606 |
1 |
|
|a Энергомашиностроение
|2 stltpush
|3 (RuTPU)RU\TPU\subj\21347
|9 46362
|
| 606 |
1 |
|
|a Неразрушающий контроль
|2 stltpush
|3 (RuTPU)RU\TPU\subj\66931
|9 82903
|
| 610 |
1 |
|
|a металловедение
|
| 610 |
1 |
|
|a ультразвуковая дефектоскопия
|
| 610 |
1 |
|
|a физические основы
|
| 610 |
1 |
|
|a методы
|
| 610 |
1 |
|
|a металлы
|
| 610 |
1 |
|
|a акустический контроль
|
| 610 |
1 |
|
|a ультразвуковой контроль
|
| 610 |
1 |
|
|a несплошности
|
| 610 |
1 |
|
|a измеряемые параметры
|
| 610 |
1 |
|
|a технология
|
| 610 |
1 |
|
|a ультразвуковая толщинометрия
|
| 610 |
1 |
|
|a монографии
|
| 675 |
|
|
|a 620.9.002
|v 4
|
| 675 |
|
|
|a 620.179
|v 4
|
| 700 |
|
1 |
|a Кретов
|b Е. Ф.
|g Евгений Федорович
|
| 801 |
|
1 |
|a RU
|b 63413507
|c 20141124
|
| 801 |
|
2 |
|a RU
|b 63413507
|c 20150703
|g RCR
|
| 942 |
|
|
|c BK
|
| 959 |
|
|
|a 150/20141120
|d 5
|e 690,00
|f ЧЗТЛ:1
|f АНЛ:1
|f УФ:3
|